Statistiques concernant Devinez le Pays Mystère #117

Cliquez ici pour prendre le quiz!

Statistiques générales

  • Ce quiz a été pris 294 fois
  • Le résultat moyen est 10 sur 15

Statistiques - réponses

Type de RéponseRéponse% Correct
Lettre Bien PlacéeE
99%
Lettre TrouvéeE
99%
Lettre TrouvéeN
96%
Lettre TrouvéeA
95%
Lettre TrouvéeG
94%
Lettre TrouvéeE
92%
Lettre TrouvéeR
86%
Lettre Bien PlacéeR
54%
Lettre TrouvéeD
51%
Lettre Bien PlacéeD
48%
Lettre Bien PlacéeG
45%
Lettre Bien PlacéeA
39%
Lettre Bien PlacéeE
38%
Pays MystèreGrenade
38%
Lettre Bien PlacéeN
38%

Distribution des résultats

Percentile par nombre de réponses

% des personnes avec chaque résultat

Votre développement - résultats

Vous n’avez pas pris ce quiz